000
00352 a2200169 4500
001
184143
020
_a
85-322-1163-1
040
_c
Magnum
100
_a
Saad, Jorge
240
1
0
_a
O Saci-PererĂª em
_l
por
245
1
0
_a
O Saci-PererĂª em
300
_a
22
362
0
_a
1997
440
1
_a
FTD
697
_a
LITERATURA INFANTO-JUVENIL
942
_c
BK
999
_c
184143
_d
184143